Zwycięzcy Piłkarz Roku FIFA - Statystyki

Ogólne statystyki
  • Ten quiz został rozwiązany 44 razy
  • Średni wynik to 28 z 35
Statystyki odpowiedzi
Hint Odpowiedź % Poprawnych
2008 Cristiano Ronaldo
100%
2013 Cristiano Ronaldo
100%
2014 Cristiano Ronaldo
100%
2016 Cristiano Ronaldo
100%
2017 Cristiano Ronaldo
100%
2019 Cristiano Ronaldo
100%
2009 Lionel Messi
100%
2010 Lionel Messi
100%
2011 Lionel Messi
100%
2012 Lionel Messi
100%
2015 Lionel Messi
100%
2022 Lionel Messi
100%
2023 Lionel Messi
100%
1996 Ronaldo
100%
1997 Ronaldo
100%
2002 Ronaldo
100%
2020 Robert Lewandowski
93%
2021 Robert Lewandowski
93%
2018 Luka Modrić
88%
2025 Ousmane Dembélé
81%
2004 Ronaldinho
81%
2005 Ronaldinho
81%
2007 Kaká
74%
1998 Zinédine Zidane
63%
2000 Zinédine Zidane
63%
2003 Zinédine Zidane
63%
2006 Fabio Cannavaro
60%
2024 Vinícius Junior
60%
2001 Luís Figo
58%
1999 Rivaldo
51%
1995 George Weah
35%
1992 Marco van Basten
33%
1993 Roberto Baggio
30%
1991 Lothar Matthäus
23%
1994 Romário
23%
Nie znaleziono quizów pasujących do podanych kryteriów
Rozkład punktacji
Procent ludzi z każdym wynikiem
Percentyl według liczby udzielonych odpowiedzi
Twoja historia wyników
Nie rozwiązałeś tego quizu